Beloved world. (Record no. 16593)

000 -LEADER
fixed length control field 00469nam a2200169 a 4500
001 - CONTROL NUMBER
control field :::00019659$&:&@@
003 - CONTROL NUMBER IDENTIFIER
control field OkBaRHE
005 - DATE AND TIME OF LATEST TRANSACTION
control field 20011003130916.0
008 - FIXED-LENGTH DATA ELEMENTS--GENERAL INFORMATION
fixed length control field s1961 j 000 0 eng u
040 ## - CATALOGING SOURCE
Transcribing agency
100 1# - MAIN ENTRY--PERSONAL NAME
Personal name Price, Eugenia
245 10 - TITLE STATEMENT
Title Beloved world.
260 ## - PUBLICATION, DISTRIBUTION, ETC. (IMPRINT)
Place of publication, distribution, etc Grand Rapids, MI
Name of publisher, distributor, etc Zondervan
Date of publication, distribution, etc 1961
300 ## - PHYSICAL DESCRIPTION
Extent 474 p.
942 ## - ADDED ENTRY ELEMENTS (KOHA)
Source of classification or shelving scheme
Koha item type Books
Copies
Koha item type Date acquired Permanent Location Damaged status Date last seen Lost status Shelving location Copy number Withdrawn status Price effective from Full call number Not for loan Source of classification or shelving scheme Barcode
Books2010-04-14RHEMA Bible Training College 2018-02-16 General Stacks1 2010-04-14BS 550.2 .P7  19659